|
|
|
|
| LEADER |
01967nam a2200481Ia 4500 |
| 001 |
EBC1193344 |
| 003 |
MiAaPQ |
| 005 |
20200520144314.0 |
| 006 |
m o d | |
| 007 |
cr cn||||||||| |
| 008 |
100111s2008 njuab sb 001 0 eng d |
| 010 |
|
|
|z 2010290049
|
| 020 |
|
|
|z 9789812791580 (hbk.)
|
| 020 |
|
|
|z 9812791582 (hbk.)
|
| 020 |
|
|
|z 9789812791597
|
| 035 |
|
|
|a (MiAaPQ)EBC1193344
|
| 035 |
|
|
|a (Au-PeEL)EBL1193344
|
| 035 |
|
|
|a (CaPaEBR)ebr10688100
|
| 035 |
|
|
|a (CaONFJC)MIL498399
|
| 035 |
|
|
|a (OCoLC)832771609
|
| 040 |
|
|
|a MiAaPQ
|c MiAaPQ
|d MiAaPQ
|
| 050 |
|
4 |
|a HD9502.A2
|b S493 2008
|
| 082 |
0 |
4 |
|a 333.79
|2 22
|
| 100 |
1 |
|
|a Singer, Clifford.
|
| 245 |
1 |
0 |
|a Energy and international war
|h [electronic resource] :
|b from Babylon to Baghdad and beyond /
|c Clifford E. Singer.
|
| 260 |
|
|
|a New Jersey :
|b World Scientific,
|c c2008.
|
| 300 |
|
|
|a xviii, 434 p. :
|b ill., maps.
|
| 490 |
1 |
|
|a World Scientific series on energy and resource economics,
|x 1793-4184 ;
|v v. 6
|
| 504 |
|
|
|a Includes bibliographical references (p. 383-419) and index.
|
| 533 |
|
|
|a Electronic reproduction. Ann Arbor, MI : ProQuest, 2015. Available via World Wide Web. Access may be limited to ProQuest affiliated libraries.
|
| 650 |
|
0 |
|a Power resources
|x Political aspects.
|
| 650 |
|
0 |
|a Security, International
|x Economic aspects.
|
| 650 |
|
0 |
|a Strategic materials
|x Political aspects.
|
| 650 |
|
0 |
|a Natural resources
|x Political aspects.
|
| 650 |
|
0 |
|a Energy industries
|x Political aspects.
|
| 650 |
|
0 |
|a World politics
|y 20th century.
|
| 650 |
|
0 |
|a World politics
|y 21st century.
|
| 651 |
|
0 |
|a Middle East
|x History, Military
|y 20th century.
|
| 651 |
|
0 |
|a Middle East
|x History, Military
|y 21st century.
|
| 655 |
|
4 |
|a Electronic books.
|
| 710 |
2 |
|
|a ProQuest (Firm)
|
| 830 |
|
0 |
|a World Scientific series on energy and resource economics,
|x 1793-4184 ;
|v v. 6.
|
| 856 |
4 |
0 |
|u https://ebookcentral.proquest.com/lib/matrademy/detail.action?docID=1193344
|z Click to View
|